Con francisco a mi lado. 05. la autoestima / (Registro nro. 58944)

Detalles MARC
000 -LDR (LÍDER)
fixed length control field 00829nam a22002537 4500
008 - FIXED-LENGTH DATA ELEMENTS--GENERAL INFORMATION
fixed length control field 250829r |||a|||gr|||| 00| 0 spa d
020 ## - ISBN
ISBN 9788416056835
040 ## - FUENTE DE CATALOGACIÓN
Agencia catalogadora original CO-BoRNBP
Idioma de la agencia catalogadora spa
Norma para la descripción rda
Agencia que transcribe CO-BoRNBP
082 04 - Clasificación Dewey
Clasificación Dewey 371.043 C v.5
110 1# - ASIENTO PRINCIPAL--NOMBRE CORPORATIVO
Nombre corporativo o jurisdicción Casa Editorial El Tiempo
245 10 - Título
Título Con francisco a mi lado. 05. la autoestima /
Subtítulo Juegos y actividades para niños-guía para padres y educadores
250 ## - Edición
Edición primera edición
264 #1 - Pie de imprenta
Ciudad de publicación Colombia
Editorial El tiempo
Año 2015
300 ## - Descripción física
Extensión 23 páginas
Otros detalles físicos ilustraciones, ejercicios
Dimensiones 25 cm.
336 ## - Tipo de Contenido
Tipo de contenido texto
Código de tipo de contenido txt
Fuente rdacontenido
337 ## - Tipo de Medio
Tipo de Medio sin mediación
Código de tipo de medio n
Fuente rdamedio
338 ## - Tipo de soporte
Tipo de soporte volumen
Código de tipo de soporte nc
Fuente rdasoporte
650 17 - Asiento secundario de materia - término temático
Fuente del encabezado o término LEMB
653 ## - Tema
Tema cuentos infantiles
653 ## - Tema
Tema actividades de comprensión de lectura
942 ## - Información adicional
Tipo de material LIbro
110 1# - ASIENTO PRINCIPAL--NOMBRE CORPORATIVO
-- 64456
Existencias
Estado de pérdida Fuente del sistema de clasificación o colocación Estado de daño Koha normalized classification for sorting Not for loan Colección Biblioteca Biblioteca actual Localización Fecha de adquisición Koha issues (times borrowed) Signatura topográfica Código de barras Koha date last seen Price effective from Tipo de ítem
  Dewey Decimal Classification   371_043000000000000_C_V_5   Infantil Biblioteca Pública San Juanito - Ernesto Maria Peña Romero Biblioteca Pública San Juanito - Ernesto Maria Peña Romero Sala Infantil 08/29/2025   371.043 C v.5 SJU01537 08/29/2025 08/29/2025 LIbro









Instituto Departamental de Cultura del Meta - Red Departamental de Bibliotecas Públicas del Meta.